[Event "2. Torneio Aberto do Brasil - Fortaleza"]
[Site "Fortaleza BRA"]
[Date "2012.04.06"]
[Round "2.38"]
[White "Lemos, Dawton Almino"]
[Black "Da Silva, Jose Gomes"]
[Result "1-0"]
[WhiteElo "1887"]
[BlackElo "1833"]
[PlyCount "69"]
[EventDate "2012.04.05"]
[EventType "swiss"]
[EventRounds "7"]
[EventCountry "BRA"]
[Source "lmi"]
[SourceDate "2012.08.05"]

1. e4 e6 2. d3 d5 3. Nd2 Nc6 4. Ngf3 Nge7 5. g3 Ng6 6. Bg2 d4 7. O-O e5 8. Ne1
Bd6 9. Nc4 O-O 10. f4 f6 11. f5 Nge7 12. g4 g5 13. fxg6 Nxg6 14. Bh6 Rf7 15.
Nxd6 Qxd6 16. Qf3 Nh4 17. Qg3 Nxg2 18. Nxg2 Ne7 19. h4 Qe6 20. g5 Qg4 21. Rf3
Qxg3 22. Rxg3 f5 23. Ne1 b6 24. Nf3 Ng6 25. h5 Nf4 26. Nxe5 Ne2+ 27. Kh2 fxe4
28. Nxf7 Nxg3 29. Kxg3 Kxf7 30. dxe4 Bb7 31. Rf1+ Ke7 32. Rf4 Rd8 33. g6 hxg6
34. hxg6 Rg8 35. g7 1-0

[Event "2. Torneio Aberto do Brasil - Fortaleza"]
[Site "Fortaleza BRA"]
[Date "2012.04.06"]
[Round "2.39"]
[White "Azevedo Junior, Jose Ferreira"]
[Black "Maia, Jose Eduardo Bastos"]
[Result "1-0"]
[WhiteElo "2059"]
[BlackElo "2124"]
[PlyCount "111"]
[EventDate "2012.04.05"]
[EventType "swiss"]
[EventRounds "7"]
[EventCountry "BRA"]
[Source "lmi"]
[SourceDate "2012.08.05"]

1. e4 e5 2. Nf3 d6 3. d4 Nd7 4. c3 Ngf6 5. Bd3 Be7 6. O-O O-O 7. Nbd2 c6 8. Re1
Re8 9. Nf1 Bf8 10. Ng3 g6 11. Bg5 h6 12. Bd2 b6 13. c4 exd4 14. Nxd4 Nc5 15.
Bc3 Bd7 16. Bc2 Bg7 17. Qd2 h5 18. Nf3 h4 19. Nxh4 Nfxe4 20. Nxe4 Nxe4 21. Bxe4
Bxc3 22. Qxc3 Qxh4 23. Qf3 Rac8 24. g3 Qg5 25. Qd3 Re6 26. h4 Qc5 27. Re3 Rce8
28. Rae1 f5 29. Bf3 Rxe3 30. Rxe3 Rxe3 31. Qxe3 Qxe3 32. fxe3 Kf7 33. Kf2 Kf6
34. e4 c5 35. Ke3 Ke5 36. exf5 Bxf5 37. Be2 Be6 38. Bd3 Bf7 39. b3 Be8 40. Be4
Bf7 41. Bc6 Kf5 42. Bd7+ Ke5 43. Bc6 Kf5 44. Bf3 Ke5 45. Be4 Be8 46. g4 Bf7 47.
Bf3 a5 48. Be2 Be6 49. h5 gxh5 50. gxh5 Kf5 51. Bd3+ Kg5 52. Bg6 Bg8 53. Ke4
Be6 54. Be8 Bg8 55. Bc6 Kxh5 56. Kf5 1-0

[Event "2. Torneio Aberto do Brasil - Fortaleza"]
[Site "Fortaleza BRA"]
[Date "2012.04.06"]
[Round "2.40"]
[White "Nogueira, Jorge Da Silva"]
[Black "Fernandes Filho, Bergson Fragos"]
[Result "0-1"]
[WhiteElo "1554"]
[BlackElo "2147"]
[PlyCount "46"]
[EventDate "2012.04.05"]
[EventType "swiss"]
[EventRounds "7"]
[EventCountry "BRA"]
[Source "lmi"]
[SourceDate "2012.08.05"]

1. d4 c5 2. c3 e6 3. a3 d5 4. Nf3 Nf6 5. e3 Be7 6. Bd3 O-O 7. O-O Nc6 8. Re1
Ne4 9. Nbd2 f5 10. b4 Nxc3 11. Qc2 cxb4 12. axb4 Bxb4 13. Ba3 Ne4 14. Bxb4 Nxb4
15. Qb3 Nxd3 16. Qxd3 Bd7 17. Ne5 Nxd2 18. Qxd2 Be8 19. Qb4 b6 20. Rec1 a5 21.
Qc3 f4 22. Ra2 Bd7 23. Qc8 Rxc8 0-1

[Event "2. Torneio Aberto do Brasil - Fortaleza"]
[Site "Fortaleza BRA"]
[Date "2012.04.06"]
[Round "2.41"]
[White "Ribeiro Junior, Valdir Uchoa"]
[Black "Schucman, Rebeca Lot"]
[Result "1/2-1/2"]
[WhiteElo "1931"]
[BlackElo "1575"]
[PlyCount "64"]
[EventDate "2012.04.05"]
[EventType "swiss"]
[EventRounds "7"]
[EventCountry "BRA"]
[Source "lmi"]
[SourceDate "2012.08.05"]

1. c4 c5 2. Nf3 Nc6 3. g3 g6 4. Bg2 Bg7 5. O-O Nf6 6. Nc3 O-O 7. d4 cxd4 8.
Nxd4 Qb6 9. Nc2 a6 10. Rb1 d6 11. h3 Bd7 12. Be3 Qc7 13. Na4 Ne5 14. Nb6 Rab8
15. Nxd7 Nexd7 16. b3 Rbc8 17. Nb4 Rfd8 18. g4 a5 19. Nd5 Nxd5 20. Qxd5 Nc5 21.
Rfd1 b6 22. Bf3 h6 23. Qd2 Kh7 24. Qc2 Qb8 25. Qd2 Qc7 26. Kg2 Nd7 27. Kg1 Nc5
28. h4 Nd7 29. g5 h5 30. Qc2 Kg8 31. Bd5 Ne5 32. Bd4 Kf8 1/2-1/2

[Event "2. Torneio Aberto do Brasil - Fortaleza"]
[Site "Fortaleza BRA"]
[Date "2012.04.06"]
[Round "2.42"]
[White "Zimmermann, Kleber Renato Pere"]
[Black "Buarque, Hugo Leonardo De Br"]
[Result "1/2-1/2"]
[WhiteElo "1953"]
[BlackElo "1928"]
[PlyCount "101"]
[EventDate "2012.04.05"]
[EventType "swiss"]
[EventRounds "7"]
[EventCountry "BRA"]
[Source "lmi"]
[SourceDate "2012.08.05"]

1. d4 Nf6 2. c4 e6 3. Nf3 d5 4. Nc3 c6 5. Bg5 Be7 6. e3 h6 7. Bxf6 Bxf6 8. cxd5
exd5 9. Bd3 O-O 10. h3 Re8 11. O-O Nd7 12. b4 Nf8 13. Qb3 Ne6 14. Rfc1 b6 15.
b5 c5 16. Qxd5 Rb8 17. Qxd8 Rxd8 18. Ne4 cxd4 19. Nxf6+ gxf6 20. Nxd4 Nxd4 21.
exd4 Rxd4 22. Rd1 Kg7 23. Be2 Rxd1+ 24. Rxd1 Be6 25. Rd4 Rc8 26. a4 Rc2 27. Bd1
Rc1 28. Kh2 f5 29. Kg3 Kf6 30. Kf4 Ke7 31. g3 Rc4 32. Rxc4 Bxc4 33. Ke5 a6 34.
bxa6 Bxa6 35. Bc2 f6+ 36. Kf4 Bc4 37. h4 b5 38. axb5 Bxb5 39. Kxf5 Be8 40. Bb3
Bh5 41. Bg8 Kf8 42. Bd5 Kg7 43. g4 Be8 44. Be6 Ba4 45. g5 hxg5 46. hxg5 Bc2+
47. Kf4 fxg5+ 48. Kxg5 Be4 49. f4 Kf8 50. Kf6 Bf3 51. Ke5 1/2-1/2

[Event "2. Torneio Aberto do Brasil - Fortaleza"]
[Site "Fortaleza BRA"]
[Date "2012.04.06"]
[Round "2.43"]
[White "Arruda Filho, Ivo Pereira De"]
[Black "Alves, Sidney David"]
[Result "1-0"]
[WhiteElo "1923"]
[BlackElo "1512"]
[PlyCount "47"]
[EventDate "2012.04.05"]
[EventType "swiss"]
[EventRounds "7"]
[EventCountry "BRA"]
[Source "lmi"]
[SourceDate "2012.08.05"]

1. Nf3 Nf6 2. d4 g6 3. Bf4 Bg7 4. e3 O-O 5. Bd3 d5 6. O-O Bg4 7. Nbd2 Nbd7 8.
c4 c5 9. Qb3 b6 10. cxd5 Bxf3 11. Nxf3 Nh5 12. Be5 Nhf6 13. Bb5 Rc8 14. Ba6
Nxe5 15. dxe5 Rc7 16. exf6 Bxf6 17. e4 Bg7 18. e5 Kh8 19. Rfe1 f6 20. Rad1 Qd7
21. d6 c4 22. dxc7 cxb3 23. Rxd7 bxa2 24. Rd8 1-0

[Event "2. Torneio Aberto do Brasil - Fortaleza"]
[Site "Fortaleza BRA"]
[Date "2012.04.06"]
[Round "2.44"]
[White "Vescovi Filho, Giovanni"]
[Black "De Macedo, Alexandre Ricardo S"]
[Result "0-1"]
[WhiteElo "1883"]
[BlackElo "1920"]
[PlyCount "60"]
[EventDate "2012.04.05"]
[EventType "swiss"]
[EventRounds "7"]
[EventCountry "BRA"]
[Source "lmi"]
[SourceDate "2012.08.05"]

1. e4 d6 2. d4 f5 3. f3 fxe4 4. fxe4 e5 5. dxe5 Qh4+ 6. Kd2 Qf4+ 7. Kd3 Qxe5 8.
Nf3 Qe7 9. Nc3 Nc6 10. a3 Bg4 11. Bf4 Qf7 12. Bg3 O-O-O 13. Be2 Be7 14. Rf1
Bxf3 15. Bxf3 Kb8 16. Bh5 Qe6 17. Bg4 Ne5+ 18. Bxe5 dxe5+ 19. Ke3 Qb6+ 20. Ke2
Rxd1 21. Raxd1 Nf6 22. Bh3 Bc5 23. Rf3 Nh5 24. Ke1 Nf4 25. Nd5 Nxh3 26. Rxh3
Qg6 27. Rhd3 Qxe4+ 28. Kd2 c6 29. Nc3 Qf4+ 30. Ke1 Qf2# 0-1

[Event "2. Torneio Aberto do Brasil - Fortaleza"]
[Site "Fortaleza BRA"]
[Date "2012.04.06"]
[Round "2.45"]
[White "Ferreira, Jose Carlos"]
[Black "Cunha, Adriano De Jesus Si"]
[Result "1/2-1/2"]
[WhiteElo "1913"]
[BlackElo "2040"]
[PlyCount "59"]
[EventDate "2012.04.05"]
[EventType "swiss"]
[EventRounds "7"]
[EventCountry "BRA"]
[Source "lmi"]
[SourceDate "2012.08.05"]

1. e4 e5 2. Nf3 Nc6 3. Nc3 d6 4. d4 exd4 5. Nxd4 Bd7 6. Be3 Nf6 7. h3 Be7 8.
Bc4 Na5 9. Be2 Nc6 10. Qd2 Nxd4 11. Qxd4 Bc6 12. Nd5 O-O 13. f3 Nxd5 14. exd5
Bf6 15. Qd3 Bh4+ 16. Bf2 Bxf2+ 17. Kxf2 Bd7 18. Qd4 Qg5 19. h4 Qh6 20. Bd3 f5
21. f4 Rae8 22. g3 a6 23. Rae1 Qf6 24. Qxf6 Rxf6 25. Rxe8+ Bxe8 26. Re1 Kf8 27.
Re3 a5 28. Be2 Rf7 29. Bd3 Bd7 30. Be2 1/2-1/2

[Event "2. Torneio Aberto do Brasil - Fortaleza"]
[Site "Fortaleza BRA"]
[Date "2012.04.06"]
[Round "2.46"]
[White "Freitas, Marcos Antonio Da C"]
[Black "Azevedo, Eduardo Jose E De"]
[Result "1-0"]
[WhiteElo "1880"]
[BlackElo "1909"]
[PlyCount "83"]
[EventDate "2012.04.05"]
[EventType "swiss"]
[EventRounds "7"]
[EventCountry "BRA"]
[Source "lmi"]
[SourceDate "2012.08.05"]

1. e4 g6 2. d4 Bg7 3. c4 d6 4. Nc3 Nc6 5. Be3 e5 6. d5 Nd4 7. Nge2 Nxe2 8. Bxe2
Ne7 9. O-O O-O 10. b4 f5 11. f3 f4 12. Bf2 g5 13. c5 a6 14. Na4 Qe8 15. cxd6
cxd6 16. Nb6 Rb8 17. Rc1 Qd8 18. Rc3 Bf6 19. Qa4 h5 20. Rfc1 Kh8 21. Rc7 Nc6
22. dxc6 Qxc7 23. Nd5 Qg7 24. c7 Ra8 25. Nb6 Be6 26. Nxa8 Rxa8 27. b5 g4 28.
bxa6 bxa6 29. Qc6 Rg8 30. Qxa6 Bc8 31. Qc4 g3 32. hxg3 fxg3 33. Be3 h4 34. Bf1
h3 35. Qc2 h2+ 36. Kh1 Bg5 37. Bxg5 Qxg5 38. Qc3 Qf4 39. a4 Rg6 40. a5 Bb7 41.
a6 Bxe4 42. c8=Q+ 1-0

[Event "2. Torneio Aberto do Brasil - Fortaleza"]
[Site "Fortaleza BRA"]
[Date "2012.04.06"]
[Round "2.47"]
[White "Moro, Antonio Renato Pere"]
[Black "Sales, Luis Carlos"]
[Result "0-1"]
[WhiteElo "1832"]
[BlackElo "1892"]
[PlyCount "58"]
[EventDate "2012.04.05"]
[EventType "swiss"]
[EventRounds "7"]
[EventCountry "BRA"]
[Source "lmi"]
[SourceDate "2012.08.05"]

1. f4 Nf6 2. Nf3 b6 3. b3 Bb7 4. Bb2 e6 5. e3 Be7 6. Be2 d6 7. O-O O-O 8. Qe1
Nbd7 9. d3 c5 10. Nbd2 Qc7 11. e4 d5 12. e5 Ng4 13. Bd1 d4 14. Nxd4 cxd4 15.
Bxg4 Qxc2 16. Bxd4 Qxd3 17. Be3 Bb4 18. Qf2 Rad8 19. Nc4 Ba6 20. Rfd1 Qg6 21.
Be2 Nc5 22. Nd6 Bxe2 23. Qxe2 Ne4 24. Nxe4 Qxe4 25. a3 Rxd1+ 26. Rxd1 Bxa3 27.
Kf2 Bc5 28. Qd3 Qxf4+ 29. Ke2 Qxe5 0-1

[Event "2. Torneio Aberto do Brasil - Fortaleza"]
[Site "Fortaleza BRA"]
[Date "2012.04.06"]
[Round "2.48"]
[White "Lima Filho, Jose Pacifico"]
[Black "Mateus, Janete De Alcantara"]
[Result "0-1"]
[WhiteElo "1891"]
[BlackElo "1888"]
[PlyCount "110"]
[EventDate "2012.04.05"]
[EventType "swiss"]
[EventRounds "7"]
[EventCountry "BRA"]
[Source "lmi"]
[SourceDate "2012.08.05"]

1. c4 c5 2. Nc3 Nc6 3. Nf3 g6 4. d4 cxd4 5. Nxd4 Bg7 6. e3 Nf6 7. Be2 O-O 8.
O-O a6 9. b3 d6 10. Bf3 Bd7 11. Bb2 Rb8 12. Rc1 Ne5 13. Be2 Rc8 14. Nf3 Nxf3+
15. Bxf3 Bc6 16. Qe2 Qa5 17. a3 Qg5 18. e4 Nh5 19. Bxh5 Qxh5 20. Qxh5 gxh5 21.
Ba1 h4 22. Nd5 Bxd5 23. Bxg7 Kxg7 24. cxd5 Kf6 25. f3 Rg8 26. Kf2 h5 27. Rg1
Ke5 28. g3 h3 29. Ke3 f5 30. f4+ Kf6 31. exf5 Kxf5 32. Kf3 e5 33. dxe6 Kxe6 34.
Rge1+ Kf5 35. Red1 Rgd8 36. Rd5+ Kg6 37. Rxc8 Rxc8 38. Rxd6+ Kf5 39. Rd5+ Kg6
40. Ke4 Rc2 41. Rd6+ Kg7 42. Kf5 Rc5+ 43. Ke4 Rc2 44. Kf3 Rxh2 45. g4 Rc2 46.
gxh5 h2 47. Rd1 Kh6 48. Rh1 Kxh5 49. Kg3 b5 50. Kf3 Kh4 51. Ke4 Kg3 52. f5 Rf2
53. Ke5 Rf3 54. Ke4 Rxb3 55. f6 Rb2 0-1

[Event "2. Torneio Aberto do Brasil - Fortaleza"]
[Site "Fortaleza BRA"]
[Date "2012.04.06"]
[Round "2.49"]
[White "Arpon, Rodrigo Tobias Lana"]
[Black "Ribeiro, Orlando Alves"]
[Result "1/2-1/2"]
[WhiteElo "1825"]
[BlackElo "1885"]
[PlyCount "39"]
[EventDate "2012.04.05"]
[EventType "swiss"]
[EventRounds "7"]
[EventCountry "BRA"]
[Source "lmi"]
[SourceDate "2012.08.05"]

1. e4 e5 2. Nf3 Nf6 3. Nxe5 d6 4. Nf3 Nxe4 5. Qe2 Qe7 6. d3 Nf6 7. Qxe7+ Bxe7
8. Nc3 Nc6 9. Be2 O-O 10. h3 Nb4 11. Bd1 Nbd5 12. Bd2 Re8 13. O-O c6 14. Nxd5
Nxd5 15. Re1 h6 16. Be2 Bf6 17. c3 Bf5 18. Bf1 Kf8 19. Rxe8+ Rxe8 20. Re1
1/2-1/2

[Event "2. Torneio Aberto do Brasil - Fortaleza"]
[Site "Fortaleza BRA"]
[Date "2012.04.06"]
[Round "2.50"]
[White "Rapouso, Ricardo Luis Borba"]
[Black "Amancio, Arnaldo Regis"]
[Result "0-1"]
[WhiteElo "1880"]
[BlackElo "1884"]
[PlyCount "82"]
[EventDate "2012.04.05"]
[EventType "swiss"]
[EventRounds "7"]
[EventCountry "BRA"]
[Source "lmi"]
[SourceDate "2012.08.05"]

1. d4 Nf6 2. c4 g6 3. Nc3 d5 4. cxd5 Nxd5 5. e4 Nxc3 6. bxc3 Bg7 7. Nf3 c5 8.
Bb5+ Bd7 9. Rb1 cxd4 10. cxd4 O-O 11. O-O Nc6 12. h3 e6 13. a4 b6 14. Bg5 Qe8
15. Qe2 Nxd4 16. Nxd4 Bxd4 17. Bxd7 Qxd7 18. Rfd1 e5 19. Bf6 Qe6 20. Qf3 Rfe8
21. g4 Rac8 22. Rxd4 exd4 23. e5 Qc6 24. Qf4 Qc5 25. Rd1 Red8 26. h4 d3 27. Qh6
Qf8 28. Qe3 d2 29. Rxd2 Rxd2 30. Qxd2 Qc5 31. Qd7 Qc1+ 32. Kh2 a6 33. h5 Qc6
34. Qd2 Qc5 35. Kg2 Qc1 36. Qd6 Qc6+ 37. Kg3 gxh5 38. gxh5 Qxa4 39. Qd2 Qa3+
40. Kh2 Qc1 41. Qd4 Qc4 0-1

[Event "2. Torneio Aberto do Brasil - Fortaleza"]
[Site "Fortaleza BRA"]
[Date "2012.04.06"]
[Round "2.51"]
[White "Chaves, Augustino Lima"]
[Black "De Freitas, Julio Eimard"]
[Result "0-1"]
[WhiteElo "1795"]
[BlackElo "1865"]
[PlyCount "90"]
[EventDate "2012.04.05"]
[EventType "swiss"]
[EventRounds "7"]
[EventCountry "BRA"]
[Source "lmi"]
[SourceDate "2012.08.05"]

1. e4 c5 2. Nf3 d6 3. d4 cxd4 4. Nxd4 Nf6 5. Nc3 g6 6. Be2 Bg7 7. Be3 Nc6 8.
Nxc6 bxc6 9. O-O O-O 10. Qd2 Ng4 11. Bd4 Bh6 12. Qd1 c5 13. Bxc5 Nxh2 14. Kxh2
dxc5 15. Qxd8 Rxd8 16. Rad1 Bb7 17. Nd5 e6 18. Nf6+ Kg7 19. e5 Bf4+ 20. g3 Bxe5
21. Ng4 Bc7 22. b3 h5 23. Ne3 h4 24. Bg4 f5 25. Bh3 hxg3+ 26. fxg3 Rxd1 27.
Rxd1 Rd8 28. Rxd8 Bxd8 29. Kg1 Be4 30. c4 Bg5 31. Kf2 Bb1 32. a3 Ba2 33. b4
cxb4 34. axb4 Bxe3+ 35. Kxe3 Bxc4 36. Kd4 Bb5 37. Kc5 a6 38. Bg2 e5 39. Kd5 Kf6
40. Bh3 e4 41. Kd4 Bd3 42. Bg2 Kg5 43. Bh3 f4 44. gxf4+ Kxf4 45. Bc8 g5 0-1

[Event "2. Torneio Aberto do Brasil - Fortaleza"]
[Site "Fortaleza BRA"]
[Date "2012.04.06"]
[Round "2.52"]
[White "Machado, Fernando Augusto Di"]
[Black "Sampaio, Leonardo Ribeiro"]
[Result "1/2-1/2"]
[WhiteElo "1863"]
[BlackElo "1882"]
[PlyCount "83"]
[EventDate "2012.04.05"]
[EventType "swiss"]
[EventRounds "7"]
[EventCountry "BRA"]
[Source "lmi"]
[SourceDate "2012.08.05"]

1. d4 Nf6 2. Nf3 e6 3. e3 b6 4. Be2 Bb7 5. b3 Be7 6. Bb2 O-O 7. O-O d6 8. c4 c5
9. Nc3 cxd4 10. exd4 Nbd7 11. Qd2 Re8 12. Rad1 Bf8 13. Qf4 a6 14. Rfe1 Rc8 15.
Qh4 Be7 16. Qh3 Nf8 17. Bd3 Qc7 18. Nd2 Ng6 19. Nde4 Nxe4 20. Bxe4 Bxe4 21.
Nxe4 d5 22. cxd5 Nf4 23. Qf3 Nxd5 24. Rc1 Qb8 25. g3 Rxc1 26. Rxc1 Rc8 27. Nc3
Qd6 28. Nxd5 Rxc1+ 29. Bxc1 Qxd5 30. Qc3 Qd8 31. Qc4 b5 32. Qc3 g6 33. Be3 Qd6
34. Qc5 Kg7 35. b4 Qd7 36. Qb6 Bxb4 37. Qxa6 Be7 38. Qb6 Qd5 39. Qa5 Bf6 40.
Qb6 Qc4 41. Qc5 Qd5 42. Qb4 1/2-1/2

[Event "2. Torneio Aberto do Brasil - Fortaleza"]
[Site "Fortaleza BRA"]
[Date "2012.04.06"]
[Round "2.53"]
[White "De Souza, Gutemberg Magalhaes"]
[Black "Dos Reis, Virginia Lagrange"]
[Result "1/2-1/2"]
[WhiteElo "1787"]
[BlackElo "1853"]
[PlyCount "109"]
[EventDate "2012.04.05"]
[EventType "swiss"]
[EventRounds "7"]
[EventCountry "BRA"]
[Source "lmi"]
[SourceDate "2012.08.05"]

1. d4 Nf6 2. Nf3 c5 3. c3 e6 4. Bf4 d5 5. e3 c4 6. h3 Be7 7. Nbd2 O-O 8. Be2
Nc6 9. O-O b5 10. Ne5 Bb7 11. Re1 Nd7 12. Ndf3 f6 13. Nxc6 Bxc6 14. Bf1 Qe8 15.
Qc2 Bd8 16. Bd6 Rf7 17. Nd2 Be7 18. Bh2 e5 19. e4 dxe4 20. Nxe4 Bxe4 21. Qxe4
Bd6 22. Qd5 Qb8 23. a4 Nb6 24. Qe6 Kf8 25. dxe5 fxe5 26. Bxe5 Bxe5 27. Qxe5
Nxa4 28. Bxc4 bxc4 29. Rxa4 Qxb2 30. Re2 Qc1+ 31. Kh2 Qf4+ 32. Qxf4 Rxf4 33.
Kg3 g5 34. f3 a5 35. Re5 h6 36. h4 Rxh4 37. Raxa5 Rxa5 38. Rxa5 Kf7 39. Re5 Kf6
40. Rc5 Kg6 41. Kf2 g4 42. f4 Rh5 43. Kg3 Rh1 44. Rxc4 Kf5 45. Rc5+ Ke4 46.
Re5+ Kd3 47. Kf2 Kxc3 48. f5 Kd4 49. Re8 g3+ 50. Kxg3 Rf1 51. Rf8 Ke5 52. Re8+
Kf6 53. Re3 Kxf5 54. Rf3+ Rxf3+ 55. Kxf3 1/2-1/2

[Event "2. Torneio Aberto do Brasil - Fortaleza"]
[Site "Fortaleza BRA"]
[Date "2012.04.06"]
[Round "2.54"]
[White "Sousa Filho, Aloisio Lopes De"]
[Black "Cunha, Rafael Fernandes"]
[Result "0-1"]
[WhiteElo "1852"]
[BlackElo "1827"]
[PlyCount "100"]
[EventDate "2012.04.05"]
[EventType "swiss"]
[EventRounds "7"]
[EventCountry "BRA"]
[Source "lmi"]
[SourceDate "2012.08.05"]

1. d4 Nf6 2. Nf3 g6 3. Bf4 Bg7 4. c3 O-O 5. Qc2 d5 6. Nbd2 Bf5 7. Qb3 Qc8 8.
Ne5 b6 9. e3 c5 10. Ndf3 Nc6 11. Nxc6 Qxc6 12. Ne5 Qc8 13. h3 c4 14. Qd1 Nd7
15. Ng4 Be4 16. Nh6+ Kh8 17. f3 Bf5 18. Nxf5 gxf5 19. g4 Nf6 20. Qc2 e6 21.
gxf5 exf5 22. Qf2 Nh5 23. Bh2 Qe6 24. O-O-O Bh6 25. f4 Rg8 26. Re1 Qe4 27. Be2
Rg2 28. Qf3 Nf6 29. Reg1 Rag8 30. Qxe4 fxe4 31. Bf1 R2g6 32. Rxg6 hxg6 33. h4
Nh5 34. Be2 f5 35. Kc2 Bf8 36. Bxh5 gxh5 37. Rg1 Rg4 38. Rxg4 hxg4 39. a4 a6
40. b4 b5 41. a5 Kh7 42. Kd2 Kh6 43. Ke2 Kh5 44. Bg3 Be7 45. Kf2 Bxh4 46. Bxh4
Kxh4 47. Kg2 g3 48. Kg1 Kh3 49. Kh1 g2+ 50. Kg1 Kh4 0-1

[Event "2. Torneio Aberto do Brasil - Fortaleza"]
[Site "Fortaleza BRA"]
[Date "2012.04.06"]
[Round "2.55"]
[White "Batista, Francisco Klemberg "]
[Black "Mesquita, Jussier Cabral"]
[Result "1-0"]
[WhiteElo "1771"]
[BlackElo "1844"]
[PlyCount "95"]
[EventDate "2012.04.05"]
[EventType "swiss"]
[EventRounds "7"]
[EventCountry "BRA"]
[Source "lmi"]
[SourceDate "2012.08.05"]

1. d4 Nf6 2. c4 e6 3. Nc3 d5 4. Nf3 c6 5. Bg5 Be7 6. e3 O-O 7. Bd3 h6 8. Bh4
Nbd7 9. O-O dxc4 10. Bxc4 Nd5 11. Bxe7 Qxe7 12. Rc1 a6 13. a3 b5 14. Ba2 Bb7
15. Nxd5 cxd5 16. Rc7 Rab8 17. Ne5 Rfd8 18. Qc2 Qd6 19. Bb1 f5 20. Ng6 Rdc8 21.
Rc1 Kh7 22. Nf4 Nf6 23. Nxe6 Ne4 24. Nxg7 Kg6 25. f3 Rxc7 26. Qxc7 Qxc7 27.
Rxc7 Nd6 28. g4 Rc8 29. gxf5+ Kf6 30. Rxc8 Bxc8 31. Nh5+ Kg5 32. Ng3 Nc4 33.
Kf2 Nxb2 34. Bc2 Nc4 35. a4 b4 36. e4 Bd7 37. Ne2 a5 38. f4+ Kf6 39. e5+ Kg7
40. f6+ Kf7 41. f5 Be8 42. Nf4 Nb6 43. Nh5 Bxa4 44. e6+ Kf8 45. Bxa4 Nxa4 46.
f7 b3 47. Nf6 b2 48. Nd7+ 1-0

[Event "2. Torneio Aberto do Brasil - Fortaleza"]
[Site "Fortaleza BRA"]
[Date "2012.04.06"]
[Round "2.56"]
[White "Lisboa Torres, Eduardo"]
[Black "Correia, Aristoteles De Jesu"]
[Result "1-0"]
[WhiteElo "1810"]
[BlackElo "1817"]
[PlyCount "60"]
[EventDate "2012.04.05"]
[EventType "swiss"]
[EventRounds "7"]
[EventCountry "BRA"]
[Source "lmi"]
[SourceDate "2012.08.05"]

1. d4 Nf6 2. c4 e6 3. Nc3 Bb4 4. e3 O-O 5. Nge2 c5 6. a3 Bxc3+ 7. Nxc3 cxd4 8.
exd4 d5 9. Bg5 Nbd7 10. cxd5 exd5 11. Be2 Nb6 12. O-O a6 13. a4 Qd6 14. Qb3 Ne4
15. Nxe4 dxe4 16. a5 Qd5 17. Qxd5 Nxd5 18. Rfc1 Bd7 19. Rc5 Bc6 20. Rac1 f6 21.
Bd2 Kh8 22. b4 Nc7 23. Rxc6 bxc6 24. Rxc6 Nb5 25. Bxb5 axb5 26. Rc5 Rfd8 27. d5
Ra6 28. Bf4 g5 29. Bc7 Rc8 30. d6 Rd8 1-0

[Event "2. Torneio Aberto do Brasil - Fortaleza"]
[Site "Fortaleza BRA"]
[Date "2012.04.06"]
[Round "2.57"]
[White "Bezerra, Francisca Rejane De"]
[Black "Lima, Antonio Stenio Patr"]
[Result "0-1"]
[WhiteElo "1767"]
[BlackElo "1799"]
[PlyCount "28"]
[EventDate "2012.04.05"]
[EventType "swiss"]
[EventRounds "7"]
[EventCountry "BRA"]
[Source "lmi"]
[SourceDate "2012.08.05"]

1. d4 Nf6 2. g3 d5 3. Nf3 Bf5 4. c4 dxc4 5. Qa4+ Nc6 6. Qxc4 Qd5 7. e3 Qxf3 8.
Rg1 Qd5 9. Qa4 Qa5+ 10. Nc3 Qxa4 11. Nxa4 e6 12. Bg2 Be4 13. f3 Bc2 14. Kf2
Bxa4 0-1

[Event "2. Torneio Aberto do Brasil - Fortaleza"]
[Site "Fortaleza BRA"]
[Date "2012.04.06"]
[Round "2.58"]
[White "Bueno, Marcos Antonio Ferr"]
[Black "Urquidi, Fabio Moraes"]
[Result "1/2-1/2"]
[WhiteElo "1793"]
[BlackElo "1780"]
[PlyCount "141"]
[EventDate "2012.04.05"]
[EventType "swiss"]
[EventRounds "7"]
[EventCountry "BRA"]
[Source "lmi"]
[SourceDate "2012.08.05"]

1. Nf3 d5 2. g3 c5 3. Bg2 Nc6 4. O-O Nf6 5. d3 h6 6. Bf4 e6 7. Nbd2 Bd6 8. Bxd6
Qxd6 9. e4 d4 10. Nc4 Qc7 11. e5 Nd7 12. Re1 O-O 13. a4 Nb6 14. Nfd2 Bd7 15.
Nxb6 axb6 16. Nc4 f6 17. f4 Rab8 18. Qg4 Ne7 19. Qd1 Nf5 20. exf6 Rxf6 21. Re5
b5 22. axb5 Bxb5 23. Na3 Bd7 24. Qe2 b5 25. c3 Qb6 26. Nc2 Rbf8 27. cxd4 c4 28.
dxc4 bxc4 29. Qxc4 Qxb2 30. Rae1 Rc8 31. Rc5 Rff8 32. Be4 Nd6 33. Qb4 Qxb4 34.
Nxb4 Rb8 35. Bc6 Bc8 36. Nd3 Nf5 37. d5 Nd4 38. Ne5 Rb2 39. dxe6 Bxe6 40. Bd5
Bxd5 41. Rxd5 Rb4 42. Ng6 Nf3+ 43. Kf2 Nxe1 44. Nxf8 Kxf8 45. Kxe1 Kf7 46. Ke2
Re4+ 47. Kf3 Rb4 48. Kg4 Kg6 49. h4 Kf6 50. h5 Re4 51. Ra5 Rc4 52. Ra6+ Kf7 53.
Kf5 Rc5+ 54. Ke4 Rc3 55. g4 Rc4+ 56. Ke5 Rc5+ 57. Kd4 Rb5 58. Rc6 Rb4+ 59. Rc4
Rb5 60. Ke4 Kf6 61. Rd4 Ra5 62. Rd6+ Kf7 63. Rd5 Ra4+ 64. Ke5 Rb4 65. g5 hxg5
66. fxg5 Rh4 67. Rd7+ Ke8 68. Rxg7 Rxh5 69. Ke6 Kf8 70. Rg6 Rh1 71. Rf6+
1/2-1/2

[Event "2. Torneio Aberto do Brasil - Fortaleza"]
[Site "Fortaleza BRA"]
[Date "2012.04.06"]
[Round "2.60"]
[White "Sampaio Filho, Joao Rodrigues"]
[Black "Baptista, Andre Kemper"]
[Result "0-1"]
[WhiteElo "1785"]
[BlackElo "1768"]
[PlyCount "61"]
[EventDate "2012.04.05"]
[EventType "swiss"]
[EventRounds "7"]
[EventCountry "BRA"]
[Source "lmi"]
[SourceDate "2012.08.05"]

1. e4 e5 2. Nf3 Nc6 3. Bc4 Bc5 4. c3 Nf6 5. d4 exd4 6. cxd4 Bb4+ 7. Bd2 Bxd2+
8. Nbxd2 d5 9. exd5 Nxd5 10. Qb3 Nce7 11. O-O O-O 12. Rfe1 Nb6 13. Bd3 Be6 14.
Qc2 h6 15. Ne4 Bd5 16. Rad1 Nc6 17. a3 Na5 18. Rc1 Rc8 19. Nfd2 Nc6 20. Nf3 Nd7
21. b4 Nf6 22. Qd2 Re8 23. Qf4 Nxe4 24. Bxe4 Bxe4 25. Rxe4 Rxe4 26. Qxe4 Qf6
27. d5 Ne7 28. Re1 Nf5 29. Rc1 Nd6 30. Qd3 Qf4 31. g3 0-1

[Event "2. Torneio Aberto do Brasil - Fortaleza"]
[Site "Fortaleza BRA"]
[Date "2012.04.06"]
[Round "2.61"]
[White "Viana, Cristiano Braga"]
[Black "Macedo, Luiz Soares De"]
[Result "1-0"]
[WhiteElo "1733"]
[BlackElo "1757"]
[PlyCount "63"]
[EventDate "2012.04.05"]
[EventType "swiss"]
[EventRounds "7"]
[EventCountry "BRA"]
[Source "lmi"]
[SourceDate "2012.08.05"]

1. e4 Nc6 2. Bc4 e6 3. Nc3 Nge7 4. Nf3 Ng6 5. d3 Be7 6. O-O b6 7. b3 O-O 8. Bb2
a6 9. d4 Bb7 10. d5 Nce5 11. Be2 Bd6 12. Nxe5 Bxe5 13. f4 Bd6 14. e5 Bc5+ 15.
Kh1 Re8 16. a3 b5 17. b4 Bb6 18. Qd2 Ne7 19. Bf3 Rb8 20. Be4 Nf5 21. Rf3 h6 22.
Bxf5 exf5 23. Qd3 g6 24. Rg3 Kh7 25. Ne2 d6 26. Rd1 Qe7 27. Rh3 Rbd8 28. e6 f6
29. Ng3 Kg7 30. Nxf5+ gxf5 31. Qxf5 Rg8 32. Bxf6+ 1-0